| 000 | 00901nam a2200253 i 4500 | ||
|---|---|---|---|
| 001 | 38862 | ||
| 003 | ES-MaACL | ||
| 005 | 20251015063051.0 | ||
| 007 | t| | ||
| 008 | 030226s1928 be cf |||| | fre d | ||
| 100 | 1 |
_aCampón, Pedro, _d1887-1941 _934237 |
|
| 245 | 1 | 0 |
_aBruges la Divine _b: eti-esthétique, paix universelle / _cpar Pedro Campón Polo. |
| 260 |
_aParis : _b[s. n.], _c1928 ( _eBruxelles : _fLes Arts Gráfiques) |
||
| 300 |
_a117 p., [4] h. de lám. ; _c18 cm. |
||
| 500 | _aCatálogo de obras de Pedro Campón. | ||
| 501 | _aCarta de W. Zotter, en alemán. | ||
| 505 | 8 |
_aContiene también: ; _tLa tragédie humaine ; _tLos doce puntos |
|
| 546 | _aTexto en francés y español. | ||
| 599 | _aLám. con obras del autor. | ||
| 740 | 3 | _aLa tragédie humaine. | |
| 740 | 4 | _aLos doce puntos. | |
| 852 |
_aES-MaACL _jB-3791 _z. - hol. roja |
||
| 999 |
_c38862 _d38862 |
||